000 00381nam a22001457a 4500
003 NUST - PNEC
005 20170116181059.0
008 151002b xxu||||| |||| 00| 0 eng d
040 _cLIBRARY
082 _a954.022 ZAF
100 _912266
_aImam Zafar
245 _aThe musalmaans of the esubcontinent
_cImam Zafar
650 _912264
_aBiography
_xGeneral books
942 _2ddc
_cBK
999 _c68689
_d68689